00361 a2200145 4500003000400000005001700004008004100021020001800062040000900080082001500089100001500104245005400119260003300173300000900206OSt20240111155410.0240111b |||||||| |||| 00| 0 eng d a9788190863483 coclc a297bAKB/S aAkbar, M M aSwavargarathi avakashamo vaikruthamo /cM M Akbar aKerala:bDa'wa books,c2009. a134p